000 00591nam a2200205 a 4500
005 20140310183311.0
008 051014s19uu xx 00 eng d
020 _a1932531289
050 _aHF 5823
_b.K624 2005
100 _aKobliski, Kathy J.
245 _aAdvertising without an agency made easy. /
_cKathy J. Kobliski.
260 _aWisconsin :
_bEntrepreneur Press,
_c2005.
300 _axvii, 217 p. ;
_bill. ;
_c26 cm.
440 _aEntrepreneur Made Easy
521 _aBSBA
650 _aAdvertising.
650 _aSmall business.
942 _cBK
_2lcc
_kFOR
999 _c21166
_d21166